Countdown to first certificate :
Saved in:
| Main Author: | |
|---|---|
| Other Authors: | , |
| Format: | Book (Paper) |
| Language: | Vietnamese |
| Published: |
Oxford :
Oxford U. P.,
1999
|
| Edition: | 2nd ed. |
| Tags: |
Add Tag
No Tags, Be the first to tag this record!
|
| Institutions: | Thư viện Trường Đại học Đà Lạt |
|---|
| LEADER | 00785nam a2200313 4500 | ||
|---|---|---|---|
| 001 | DLU030023366 | ||
| 003 | ##DLU | ||
| 005 | ##20021230 | ||
| 008 | ##021230t vn z000 vie d | ||
| 040 | # | # | |a DLU |b vie |
| 041 | # | # | |a vie |
| 044 | # | # | |a vn |
| 082 | # | # | |a 428.007 |b WY-R |
| 100 | # | # | |a Wyatt, Rawdon |
| 245 | # | # | |a Countdown to first certificate : |a teacher's book / |c Rawdon Wyatt, Michael Duckworth, Kathy Gude |
| 250 | # | # | |a 2nd ed. |
| 260 | # | # | |a Oxford : |b Oxford U. P., |c 1999 |
| 300 | # | # | |a 239 tr. ; |c 30 cm |
| 700 | # | # | |a Duckworth, Michael |
| 700 | # | # | |a Gude, Kathy |
| 992 | # | # | |a 14.13 |
| 994 | # | # | |a DLU |
| 900 | # | # | |a True |
| 911 | # | # | |a Thái Thị Thanh Thủy |
| 925 | # | # | |a G |
| 926 | # | # | |a A |
| 927 | # | # | |a SH |
| 980 | # | # | |a Thư viện Trường Đại học Đà Lạt |